Churches of Pakistan (Record no. 2553)

000 -LEADER
fixed length control field 00444nam a22001697a 4500
003 - CONTROL NUMBER IDENTIFIER
control field S3H
005 - DATE AND TIME OF LATEST TRANSACTION
control field 20170105101155.0
008 - FIXED-LENGTH DATA ELEMENTS--GENERAL INFORMATION
fixed length control field 151014b xxu||||| |||| 00| 0 eng d
020 ## - INTERNATIONAL STANDARD BOOK NUMBER
International Standard Book Number 978-969-9532-00-9
040 ## - CATALOGING SOURCE
Transcribing agency S3H
082 ## - DEWEY DECIMAL CLASSIFICATION NUMBER
Classification number 726.20954
Author Mark SHA
245 ## - TITLE STATEMENT
Title Churches of Pakistan
260 ## - PUBLICATION, DISTRIBUTION, ETC.
Place of publication, distribution, etc. Pakistan
Name of publisher, distributor, etc. Constellation Plus
Date of publication, distribution, etc. [N.D]
300 ## - PHYSICAL DESCRIPTION
Extent 123p. :
Other physical details ill. ;
700 ## - ADDED ENTRY--PERSONAL NAME
Personal name Dr. Safdar Ali Shah, & Syed Javaid A. Kazi
942 ## - ADDED ENTRY ELEMENTS (KOHA)
Koha item type Book
Source of classification or shelving scheme
Holdings
Withdrawn status Lost status Source of classification or shelving scheme Damaged status Not for loan Collection code Permanent Location Current Location Shelving location Date acquired Full call number Barcode Date last seen Price effective from Koha item type
            Central Library (CL) Central Library (CL) General Stacks 07/26/2018 726.20954 SHA S3H-D-64 07/26/2018 07/26/2018 Reference
© 2023 Central Library, National University of Sciences and Technology. All Rights Reserved.